[Event "European Chess Club Cup 2023"]
[Site "Durres, Albania"]
[Date "2023.10.07"]
[Round "7.76"]
[White "Veljanoski, Andrej"]
[Black "Budima, Armend"]
[Result "1-0"]
[TimeControl "90' + 30' & 30\""]
[WhiteElo "2261"]
[BlackElo "2165"]

1. e4 {[%clk 01:30:50]} {[%emt 00:00:10]} c5 {[%clk 01:30:45]} {[%emt
00:00:16]} 2. Nf3 {[%clk 01:31:08]} {[%emt 00:00:12]} d6 {[%clk 01:30:58]}
{[%emt 00:00:17]} 3. d4 {[%clk 01:31:15]} {[%emt 00:00:23]} cxd4 {[%clk
01:31:08]} {[%emt 00:00:20]} 4. Nxd4 {[%clk 01:31:36]} {[%emt 00:00:08]} Nf6
{[%clk 01:31:31]} {[%emt 00:00:07]} 5. Nc3 {[%clk 01:32:00]} {[%emt 00:00:06]}
Nc6 {[%clk 01:28:44]} {[%emt 00:03:18]} 6. Bg5 {[%clk 01:32:23]} {[%emt
00:00:07]} e6 {[%clk 01:29:05]} {[%emt 00:00:09]} 7. Qd2 {[%clk 01:32:46]}
{[%emt 00:00:07]} Be7 {[%clk 01:28:28]} {[%emt 00:01:06]} 8. O-O-O {[%clk
01:32:56]} {[%emt 00:00:21]} a6 {[%clk 01:26:16]} {[%emt 00:02:42]} 9. h4
{[%clk 01:33:20]} {[%emt 00:00:06]} Bd7 {[%clk 01:24:51]} {[%emt 00:01:54]} 10.
f3 {[%clk 01:33:40]} {[%emt 00:00:11]} Nxd4 {[%clk 01:21:32]} {[%emt 00:03:49]}
11. Qxd4 {[%clk 01:34:03]} {[%emt 00:00:07]} Qc7 {[%clk 01:21:59]} {[%emt
00:00:03]} 12. Qd2 {[%clk 01:30:04]} {[%emt 00:04:28]} Rc8 {[%clk 01:17:09]}
{[%emt 00:05:20]} 13. Kb1 {[%clk 01:29:39]} {[%emt 00:00:56]} b5 {[%clk
01:14:01]} {[%emt 00:03:37]} 14. Bd3 {[%clk 01:29:46]} {[%emt 00:00:23]} h6
{[%clk 01:01:58]} {[%emt 00:12:33]} 15. Be3 {[%clk 01:16:55]} {[%emt 00:13:21]}
d5 {[%clk 00:54:50]} {[%emt 00:07:39]} 16. exd5 {[%clk 01:07:12]} {[%emt
00:10:13]} b4 {[%clk 00:54:30]} {[%emt 00:00:49]} 17. dxe6 {[%clk 01:03:13]}
{[%emt 00:04:30]} Bxe6 {[%clk 00:40:45]} {[%emt 00:14:15]} 18. Ne2 {[%clk
01:02:45]} {[%emt 00:00:58]} Qa5 {[%clk 00:38:15]} {[%emt 00:02:59]} 19. Nc1
{[%clk 01:01:50]} {[%emt 00:01:25]} Nd5 {[%clk 00:32:16]} {[%emt 00:06:30]} 20.
Nb3 {[%clk 01:00:23]} {[%emt 00:01:56]} Qa4 {[%clk 00:30:51]} {[%emt 00:01:55]}
21. Bd4 {[%clk 00:59:56]} {[%emt 00:00:57]} O-O {[%clk 00:29:33]} {[%emt
00:01:48]} 22. g4 {[%clk 00:43:35]} {[%emt 00:16:52]} Rfd8 {[%clk 00:15:19]}
{[%emt 00:14:44]} 23. g5 {[%clk 00:41:56]} {[%emt 00:02:09]} h5 {[%clk
00:11:28]} {[%emt 00:04:21]} 24. Rhe1 {[%clk 00:31:41]} {[%emt 00:10:45]} Qd7
{[%clk 00:07:44]} {[%emt 00:04:14]} 25. Qe2 {[%clk 00:28:15]} {[%emt 00:03:56]}
Nf4 {[%clk 00:06:34]} {[%emt 00:01:40]} 26. Qe5 {[%clk 00:28:12]} {[%emt
00:00:33]} 1-0

[Event "European Chess Club Cup 2023"]
[Site "Durres, Albania"]
[Date "2023.10.07"]
[Round "7.77"]
[White "Hamiti, Gani"]
[Black "Zlatkov, Anton"]
[Result "1-0"]
[TimeControl "90' + 30' & 30\""]
[WhiteElo "2124"]
[BlackElo "2198"]

1. e4 {[%clk 01:30:57]} {[%emt 00:00:02]} c5 {[%clk 01:30:57]} {[%emt
00:00:04]} 2. Nc3 {[%clk 01:31:19]} {[%emt 00:00:08]} Nc6 {[%clk 01:31:04]}
{[%emt 00:00:22]} 3. f4 {[%clk 01:31:39]} {[%emt 00:00:10]} a6 {[%clk
01:31:10]} {[%emt 00:00:25]} 4. Nf3 {[%clk 01:31:58]} {[%emt 00:00:10]} e6
{[%clk 01:31:35]} {[%emt 00:00:06]} 5. d3 {[%clk 01:31:33]} {[%emt 00:00:55]}
d5 {[%clk 01:31:46]} {[%emt 00:00:18]} 6. g3 {[%clk 01:31:38]} {[%emt
00:00:25]} Nf6 {[%clk 01:31:54]} {[%emt 00:00:23]} 7. e5 {[%clk 01:28:56]}
{[%emt 00:03:13]} Ng8 {[%clk 01:29:59]} {[%emt 00:02:24]} 8. Bg2 {[%clk
01:29:07]} {[%emt 00:00:19]} h5 {[%clk 01:30:17]} {[%emt 00:00:12]} 9. Ne2
{[%clk 01:27:56]} {[%emt 00:01:41]} Nh6 {[%clk 01:30:24]} {[%emt 00:00:23]} 10.
c3 {[%clk 01:27:05]} {[%emt 00:01:20]} Nf5 {[%clk 01:30:32]} {[%emt 00:00:22]}
11. h3 {[%clk 01:27:15]} {[%emt 00:00:20]} Be7 {[%clk 01:29:33]} {[%emt
00:01:30]} 12. O-O {[%clk 01:25:44]} {[%emt 00:02:01]} b5 {[%clk 01:29:15]}
{[%emt 00:00:48]} 13. Kh2 {[%clk 01:25:55]} {[%emt 00:00:18]} Bb7 {[%clk
01:28:09]} {[%emt 00:01:37]} 14. d4 {[%clk 01:23:58]} {[%emt 00:02:27]} Qb6
{[%clk 01:22:40]} {[%emt 00:05:59]} 15. Qd3 {[%clk 01:22:41]} {[%emt 00:01:46]}
b4 {[%clk 01:16:39]} {[%emt 00:06:32]} 16. Be3 {[%clk 01:22:22]} {[%emt
00:00:48]} a5 {[%clk 01:11:49]} {[%emt 00:05:22]} 17. Rfd1 {[%clk 01:19:59]}
{[%emt 00:02:52]} Ba6 {[%clk 01:04:52]} {[%emt 00:07:27]} 18. Qd2 {[%clk
01:17:20]} {[%emt 00:03:08]} Bxe2 {[%clk 00:55:01]} {[%emt 00:10:22]} 19. Qxe2
{[%clk 01:17:39]} {[%emt 00:00:10]} Rb8 {[%clk 00:54:34]} {[%emt 00:00:58]} 20.
Rac1 {[%clk 01:02:07]} {[%emt 00:16:02]} bxc3 {[%clk 00:50:08]} {[%emt
00:04:56]} 21. bxc3 {[%clk 01:02:04]} {[%emt 00:00:33]} Qb2 {[%clk 00:50:06]}
{[%emt 00:00:32]} 22. Rc2 {[%clk 01:01:13]} {[%emt 00:01:21]} Qa3 {[%clk
00:47:15]} {[%emt 00:03:21]} 23. Bf2 {[%clk 01:00:00]} {[%emt 00:01:43]} c4
{[%clk 00:38:02]} {[%emt 00:09:43]} 24. Kg1 {[%clk 00:56:06]} {[%emt 00:04:24]}
Kd7 {[%clk 00:35:28]} {[%emt 00:03:05]} 25. Nd2 {[%clk 00:52:22]} {[%emt
00:04:13]} Qa4 {[%clk 00:27:14]} {[%emt 00:08:43]} 26. Nf1 {[%clk 00:51:35]}
{[%emt 00:01:17]} Na7 {[%clk 00:24:27]} {[%emt 00:03:19]} 27. g4 {[%clk
00:48:43]} {[%emt 00:03:20]} hxg4 {[%clk 00:24:08]} {[%emt 00:00:50]} 28. hxg4
{[%clk 00:49:04]} {[%emt 00:00:08]} Nh4 {[%clk 00:24:12]} {[%emt 00:00:26]} 29.
Bxh4 {[%clk 00:48:14]} {[%emt 00:01:21]} Bxh4 {[%clk 00:22:42]} {[%emt
00:02:01]} 30. Ne3 {[%clk 00:47:18]} {[%emt 00:01:24]} g5 {[%clk 00:13:50]}
{[%emt 00:09:22]} 31. Qf3 {[%clk 00:33:28]} {[%emt 00:14:21]} gxf4 {[%clk
00:01:21]} {[%emt 00:13:00]} 32. Qxf4 {[%clk 00:33:48]} {[%emt 00:00:09]} Be7
{[%clk 00:01:40]} {[%emt 00:00:11]} 33. Rf1 {[%clk 00:20:43]} {[%emt 00:13:34]}
Rhf8 {[%clk 00:02:02]} {[%emt 00:00:10]} 34. Rcf2 {[%clk 00:18:42]} {[%emt
00:02:30]} Qa3 {[%clk 00:01:24]} {[%emt 00:01:08]} 35. Bxd5 {[%clk 00:16:41]}
{[%emt 00:02:30]} exd5 {[%clk 00:01:44]} {[%emt 00:00:10]} 36. Nxd5 {[%clk
00:16:58]} {[%emt 00:00:13]} Nb5 {[%clk 00:00:47]} {[%emt 00:01:27]} 37. Nxe7
{[%clk 00:14:05]} {[%emt 00:03:23]} Qxe7 {[%clk 00:01:09]} {[%emt 00:00:09]} 38.
d5 {[%clk 00:12:48]} {[%emt 00:01:46]} Nxc3 {[%clk 00:01:15]} {[%emt 00:00:25]}
39. Qf5+ {[%clk 00:11:33]} {[%emt 00:01:45]} Ke8 {[%clk 00:01:20]} {[%emt
00:00:25]} 40. e6 {[%clk 00:07:49]} {[%emt 00:04:14]} f6 {[%clk 00:01:38]}
{[%emt 00:00:12]} 41. Qf4 {[%clk 00:02:01]} {[%emt 00:06:17]} Rc8 {[%clk
00:26:05]} {[%emt 00:06:03]} 42. Qh6 {[%clk 00:21:13]} {[%emt 00:11:18]} Qc5
{[%clk 00:17:34]} {[%emt 00:09:02]} 43. Qh5+ {[%clk 00:19:49]} {[%emt
00:01:54]} Kd8 {[%clk 00:17:07]} {[%emt 00:00:57]} 44. d6 {[%clk 00:19:50]}
{[%emt 00:00:29]} Ne2+ {[%clk 00:10:54]} {[%emt 00:06:43]} 45. Kg2 {[%clk
00:18:35]} {[%emt 00:01:44]} Qc6+ {[%clk 00:11:09]} {[%emt 00:00:16]} 46. Kh3
{[%clk 00:17:43]} {[%emt 00:01:22]} Qxd6 {[%clk 00:09:10]} {[%emt 00:02:30]} 47.
Rxe2 {[%clk 00:17:11]} {[%emt 00:01:00]} Re8 {[%clk 00:02:22]} {[%emt
00:07:19]} 48. Rfe1 {[%clk 00:13:30]} {[%emt 00:04:10]} Rc5 {[%clk 00:01:29]}
{[%emt 00:01:24]} 49. Qh6 {[%clk 00:11:45]} {[%emt 00:02:14]} c3 {[%clk
00:00:37]} {[%emt 00:01:23]} 50. Qxf6+ {[%clk 00:07:57]} {[%emt 00:04:18]} Kc7
{[%clk 00:00:56]} {[%emt 00:00:11]} 51. Re3 {[%clk 00:03:40]} {[%emt 00:04:47]}
Re7 {[%clk 00:00:34]} {[%emt 00:00:53]} 52. Kg2 {[%clk 00:01:55]} {[%emt
00:02:13]} c2 {[%clk 00:00:40]} {[%emt 00:00:24]} 53. Rd3 {[%clk 00:01:49]}
{[%emt 00:00:38]} Qc6+ {[%clk 00:00:33]} {[%emt 00:00:36]} 54. Kg3 {[%clk
00:02:06]} {[%emt 00:00:13]} 1-0

[Event "European Chess Club Cup 2023"]
[Site "Durres, Albania"]
[Date "2023.10.07"]
[Round "7.78"]
[White "Andonovski, Ljubisa"]
[Black "Jashari, Ardian"]
[Result "1-0"]
[TimeControl "90' + 30' & 30\""]
[WhiteElo "2268"]
[BlackElo "2087"]

1. d4 {[%clk 01:30:57]} {[%emt 00:00:02]} Nf6 {[%clk 01:30:50]} {[%emt
00:00:11]} 2. c4 {[%clk 01:31:19]} {[%emt 00:00:08]} e6 {[%clk 01:30:40]}
{[%emt 00:00:41]} 3. Nf3 {[%clk 01:31:34]} {[%emt 00:00:14]} d5 {[%clk
01:26:50]} {[%emt 00:04:19]} 4. Nc3 {[%clk 01:31:47]} {[%emt 00:00:17]} Be7
{[%clk 01:26:09]} {[%emt 00:01:12]} 5. Bg5 {[%clk 01:31:00]} {[%emt 00:01:16]}
b6 {[%clk 01:22:17]} {[%emt 00:04:23]} 6. e3 {[%clk 01:30:03]} {[%emt
00:01:27]} Bb7 {[%clk 01:20:34]} {[%emt 00:02:13]} 7. Bxf6 {[%clk 01:25:54]}
{[%emt 00:04:39]} Bxf6 {[%clk 01:20:44]} {[%emt 00:00:20]} 8. cxd5 {[%clk
01:26:16]} {[%emt 00:00:07]} exd5 {[%clk 01:21:04]} {[%emt 00:00:11]} 9. b4
{[%clk 01:23:47]} {[%emt 00:02:59]} O-O {[%clk 01:19:46]} {[%emt 00:01:48]} 10.
Qb3 {[%clk 01:19:18]} {[%emt 00:04:58]} c6 {[%clk 01:19:00]} {[%emt 00:01:17]}
11. Rd1 {[%clk 01:17:41]} {[%emt 00:02:06]} Qd6 {[%clk 01:11:00]} {[%emt
00:08:31]} 12. Be2 {[%clk 01:13:52]} {[%emt 00:04:19]} Nd7 {[%clk 01:10:52]}
{[%emt 00:00:38]} 13. O-O {[%clk 01:13:03]} {[%emt 00:01:17]} Rfe8 {[%clk
01:03:23]} {[%emt 00:08:01]} 14. Rfe1 {[%clk 01:03:02]} {[%emt 00:10:31]} a6
{[%clk 00:59:55]} {[%emt 00:03:58]} 15. a4 {[%clk 01:02:54]} {[%emt 00:00:38]}
Be7 {[%clk 00:55:00]} {[%emt 00:05:25]} 16. Rb1 {[%clk 01:01:11]} {[%emt
00:02:12]} f5 {[%clk 00:52:56]} {[%emt 00:02:35]} 17. a5 {[%clk 01:00:01]}
{[%emt 00:01:39]} b5 {[%clk 00:52:46]} {[%emt 00:00:41]} 18. Bd3 {[%clk
00:58:50]} {[%emt 00:01:40]} g6 {[%clk 00:45:36]} {[%emt 00:07:42]} 19. Ne2
{[%clk 00:45:42]} {[%emt 00:13:36]} Bf8 {[%clk 00:36:10]} {[%emt 00:09:57]} 20.
Nf4 {[%clk 00:38:12]} {[%emt 00:07:58]} Bg7 {[%clk 00:32:56]} {[%emt 00:03:45]}
21. Bf1 {[%clk 00:37:25]} {[%emt 00:01:16]} Bf8 {[%clk 00:32:37]} {[%emt
00:00:51]} 22. Nd3 {[%clk 00:37:32]} {[%emt 00:00:23]} Bg7 {[%clk 00:32:41]}
{[%emt 00:00:26]} 23. Rec1 {[%clk 00:36:57]} {[%emt 00:01:04]} Re6 {[%clk
00:32:51]} {[%emt 00:00:21]} 24. Qd1 {[%clk 00:34:03]} {[%emt 00:03:23]} Qe7
{[%clk 00:33:03]} {[%emt 00:00:19]} 25. Rc2 {[%clk 00:34:12]} {[%emt 00:00:20]}
Re8 {[%clk 00:31:52]} {[%emt 00:01:42]} 26. Rbc1 {[%clk 00:33:42]} {[%emt
00:01:00]} g5 {[%clk 00:23:27]} {[%emt 00:08:56]} 27. g3 {[%clk 00:33:54]}
{[%emt 00:00:18]} Bf6 {[%clk 00:22:52]} {[%emt 00:01:04]} 28. Bg2 {[%clk
00:28:46]} {[%emt 00:05:38]} Qf7 {[%clk 00:21:08]} {[%emt 00:02:14]} 29. Nfe5
{[%clk 00:26:16]} {[%emt 00:03:00]} Bxe5 {[%clk 00:21:10]} {[%emt 00:00:28]} 30.
dxe5 {[%clk 00:26:39]} {[%emt 00:00:06]} g4 {[%clk 00:21:27]} {[%emt 00:00:14]}
31. h4 {[%clk 00:23:46]} {[%emt 00:03:23]} gxh3 {[%clk 00:19:53]} {[%emt
00:02:04]} 32. Bxh3 {[%clk 00:23:10]} {[%emt 00:01:06]} Rh6 {[%clk 00:20:16]}
{[%emt 00:00:07]} 33. Bg2 {[%clk 00:22:24]} {[%emt 00:01:15]} Nxe5 {[%clk
00:20:21]} {[%emt 00:00:26]} 34. Nxe5 {[%clk 00:22:31]} {[%emt 00:00:23]} Rxe5
{[%clk 00:20:49]} {[%emt 00:00:02]} 35. Qd4 {[%clk 00:22:51]} {[%emt 00:00:09]}
Rhe6 {[%clk 00:16:48]} {[%emt 00:04:31]} 36. Bf3 {[%clk 00:21:41]} {[%emt
00:01:40]} Qe7 {[%clk 00:16:19]} {[%emt 00:00:59]} 37. Kg2 {[%clk 00:21:38]}
{[%emt 00:00:33]} Rh6 {[%clk 00:12:49]} {[%emt 00:04:01]} 38. Rh1 {[%clk
00:17:31]} {[%emt 00:04:37]} Ree6 {[%clk 00:11:08]} {[%emt 00:02:11]} 39. Rcc1
{[%clk 00:17:24]} {[%emt 00:00:37]} Qd6 {[%clk 00:09:31]} {[%emt 00:02:06]} 40.
Rh4 {[%clk 00:14:36]} {[%emt 00:03:19]} Rxh4 {[%clk 00:08:53]} {[%emt
00:01:09]} 41. Qxh4 {[%clk 00:14:54]} {[%emt 00:00:12]} Rf6 {[%clk 00:08:26]}
{[%emt 00:00:57]} 42. Rh1 {[%clk 00:13:29]} {[%emt 00:01:55]} h6 {[%clk
00:05:45]} {[%emt 00:03:10]} 43. Qd4 {[%clk 00:10:18]} {[%emt 00:03:40]} Kf7
{[%clk 00:02:56]} {[%emt 00:03:19]} 44. Rc1 {[%clk 00:06:35]} {[%emt 00:04:13]}
Kg8 {[%clk 00:00:38]} {[%emt 00:02:49]} 45. Rc3 {[%clk 00:28:01]} {[%emt
00:09:04]} Rf7 {[%clk 00:28:05]} {[%emt 00:03:03]} 46. Rc1 {[%clk 00:28:18]}
{[%emt 00:00:12]} Rf6 {[%clk 00:28:22]} {[%emt 00:00:13]} 47. Kf1 {[%clk
00:27:49]} {[%emt 00:01:00]} Kf8 {[%clk 00:27:53]} {[%emt 00:00:59]} 48. Ke2
{[%clk 00:28:01]} {[%emt 00:00:18]} Ke8 {[%clk 00:27:40]} {[%emt 00:00:42]} 49.
Rh1 {[%clk 00:25:05]} {[%emt 00:03:26]} Bc8 {[%clk 00:26:55]} {[%emt 00:01:15]}
50. Kd2 {[%clk 00:24:32]} {[%emt 00:01:04]} Kd8 {[%clk 00:26:58]} {[%emt
00:00:27]} 51. Kc3 {[%clk 00:24:40]} {[%emt 00:00:21]} Ke7 {[%clk 00:22:17]}
{[%emt 00:05:11]} 52. Rh4 {[%clk 00:23:49]} {[%emt 00:01:21]} Rg6 {[%clk
00:18:39]} {[%emt 00:04:09]} 53. Qa7+ {[%clk 00:23:04]} {[%emt 00:01:15]} Qd7
{[%clk 00:18:27]} {[%emt 00:00:41]} 54. Qb8 {[%clk 00:23:02]} {[%emt 00:00:32]}
Rd6 {[%clk 00:17:43]} {[%emt 00:01:15]} 55. Kd4 {[%clk 00:22:11]} {[%emt
00:01:21]} Kd8 {[%clk 00:16:04]} {[%emt 00:02:09]} 56. Kc5 {[%clk 00:21:50]}
{[%emt 00:00:50]} Rf6 {[%clk 00:16:10]} {[%emt 00:00:24]} 57. Qb6+ {[%clk
00:19:44]} {[%emt 00:02:36]} Ke7 {[%clk 00:15:42]} {[%emt 00:00:58]} 58. Kd4
{[%clk 00:19:53]} {[%emt 00:00:22]} Kf7 {[%clk 00:13:56]} {[%emt 00:02:15]} 59.
Kd3 {[%clk 00:19:23]} {[%emt 00:00:58]} Qe7 {[%clk 00:13:03]} {[%emt 00:01:25]}
60. Bh5+ {[%clk 00:13:45]} {[%emt 00:06:08]} Kg7 {[%clk 00:11:30]} {[%emt
00:02:04]} 61. Qd4 {[%clk 00:13:34]} {[%emt 00:00:39]} Kh7 {[%clk 00:11:36]}
{[%emt 00:00:25]} 62. Rf4 {[%clk 00:13:40]} {[%emt 00:00:24]} Re6 {[%clk
00:11:05]} {[%emt 00:01:01]} 63. Bf3 {[%clk 00:13:44]} {[%emt 00:00:26]} Rg6
{[%clk 00:11:14]} {[%emt 00:00:22]} 64. Kc3 {[%clk 00:13:54]} {[%emt 00:00:20]}
Kg8 {[%clk 00:09:24]} {[%emt 00:02:19]} 65. Be2 {[%clk 00:14:03]} {[%emt
00:00:22]} Rg7 {[%clk 00:07:57]} {[%emt 00:01:57]} 66. Bd3 {[%clk 00:14:07]}
{[%emt 00:00:25]} Rf7 {[%clk 00:07:59]} {[%emt 00:00:29]} 67. Qb6 {[%clk
00:12:32]} {[%emt 00:02:03]} Qe5+ {[%clk 00:07:24]} {[%emt 00:01:07]} 68. Rd4
{[%clk 00:12:34]} {[%emt 00:00:27]} Qd6 {[%clk 00:06:13]} {[%emt 00:01:40]} 69.
Kd2 {[%clk 00:12:34]} {[%emt 00:00:31]} Kg7 {[%clk 00:06:02]} {[%emt 00:00:42]}
70. Rf4 {[%clk 00:12:06]} {[%emt 00:00:57]} Qf6 {[%clk 00:04:09]} {[%emt
00:02:24]} 71. Rd4 {[%clk 00:11:36]} {[%emt 00:01:00]} Qd6 {[%clk 00:03:16]}
{[%emt 00:01:23]} 72. Rf4 {[%clk 00:11:05]} {[%emt 00:01:00]} Qf6 {[%clk
00:03:33]} {[%emt 00:00:14]} 73. Qb8 {[%clk 00:09:05]} {[%emt 00:02:30]} Qe6
{[%clk 00:01:54]} {[%emt 00:02:09]} 74. Rh4 {[%clk 00:06:39]} {[%emt 00:02:56]}
Rf8 {[%clk 00:00:45]} {[%emt 00:01:39]} 75. Qb6 {[%clk 00:05:01]} {[%emt
00:02:07]} Qd6 {[%clk 00:00:42]} {[%emt 00:00:31]} 76. Qd4+ {[%clk 00:05:20]}
{[%emt 00:00:13]} Qf6 {[%clk 00:01:02]} {[%emt 00:00:11]} 77. Kc3 {[%clk
00:05:21]} {[%emt 00:00:28]} Qxd4+ {[%clk 00:00:36]} {[%emt 00:00:58]} 78. Kxd4
{[%clk 00:05:42]} {[%emt 00:00:08]} Rf6 {[%clk 00:00:59]} {[%emt 00:00:08]} 79.
Kc5 {[%clk 00:06:06]} {[%emt 00:00:05]} Kf7 {[%clk 00:01:17]} {[%emt 00:00:12]}
80. Kb6 {[%clk 00:05:39]} {[%emt 00:00:57]} Ke7 {[%clk 00:00:49]} {[%emt
00:00:58]} 81. Kc7 {[%clk 00:05:59]} {[%emt 00:00:09]} Bd7 {[%clk 00:01:08]}
{[%emt 00:00:12]} 82. Rh5 {[%clk 00:05:44]} {[%emt 00:00:45]} c5 {[%clk
00:01:01]} {[%emt 00:00:37]} 83. bxc5 {[%clk 00:06:02]} {[%emt 00:00:11]} Rc6+
{[%clk 00:01:18]} {[%emt 00:00:13]} 84. Kb7 {[%clk 00:06:29]} {[%emt 00:00:03]}
Rxc5 {[%clk 00:01:28]} {[%emt 00:00:21]} 85. Kxa6 {[%clk 00:06:23]} {[%emt
00:00:36]} b4 {[%clk 00:01:41]} {[%emt 00:00:18]} 86. Rxh6 {[%clk 00:03:16]}
{[%emt 00:03:37]} Rc3 {[%clk 00:01:41]} {[%emt 00:00:29]} 87. Bb5 {[%clk
00:02:47]} {[%emt 00:00:59]} Be6 {[%clk 00:00:58]} {[%emt 00:01:13]} 88. Rh4
{[%clk 00:02:51]} {[%emt 00:00:25]} b3 {[%clk 00:00:47]} {[%emt 00:00:42]} 89.
Rb4 {[%clk 00:03:19]} {[%emt 00:00:02]} d4 {[%clk 00:01:03]} {[%emt 00:00:15]}
90. exd4 {[%clk 00:03:39]} {[%emt 00:00:09]} Bd5 {[%clk 00:01:28]} {[%emt
00:00:05]} 91. Kb6 {[%clk 00:03:37]} {[%emt 00:00:31]} Kd6 {[%clk 00:01:57]}
{[%emt 00:00:02]} 92. a6 {[%clk 00:03:54]} {[%emt 00:00:12]} Rc1 {[%clk
00:01:33]} {[%emt 00:00:54]} 93. a7 {[%clk 00:04:05]} {[%emt 00:00:20]} Ra1
{[%clk 00:01:22]} {[%emt 00:00:41]} 94. Ba6 {[%emt 00:02:33]} 1-0